00582nam a2200193Ia 450000500170000000800410001702000180005804000180007604100080009408200220010210000180012424500670014225000120020926000380022130000260025965000350028565000340032065000340035420220329174329.0210716s2012 xx 000 0 und d a9788126560615 cAIMIT LIBRARY aeng a332.632 24bHULJ aHull, John C. aRisk management and financial institutions /cBy John C. Hull. a4th ed. aNew Delhi :bWiley India ,c2012. axxv,714p. ;c23.5 cm. aRisk Management & Derivatives. aTrading in financial markets. aMutual funds and hedge funds.